ديوان أوس بن حجر / (Record no. 67587)

MARC details
000 -LEADER
fixed length control field 00535nam a22001817a 4500
005 - DATE AND TIME OF LATEST TRANSACTION
control field 20251108172002.0
008 - FIXED-LENGTH DATA ELEMENTS--GENERAL INFORMATION
fixed length control field 250721s1979 xx 000 0 ara d
082 14 - DEWEY DECIMAL CLASSIFICATION NUMBER
Classification number 811.1/أوس
100 1# - MAIN ENTRY--PERSONAL NAME
Personal name أوس بن حجر، أبو شريح أوس بن حجر ...
245 10 - TITLE STATEMENT
Title ديوان أوس بن حجر /
250 ## - EDITION STATEMENT
Edition statement ط.3.
264 1# - PRODUCTION, PUBLICATION, DISTRIBUTION, MANUFACTURE, AND COPYRIGHT NOTICE
Place of production, publication, distribution, manufacture بيروت :
Name of producer, publisher, distributor, manufacturer دار صادر،
Date of production, publication, distribution, manufacture, or copyright notice 1979.
300 ## - PHYSICAL DESCRIPTION
Extent 198ص.
650 17 - SUBJECT ADDED ENTRY--TOPICAL TERM
Topical term or geographic name as entry element الشعر الجاهلي
700 1# - ADDED ENTRY--PERSONAL NAME
Personal name نجم، محمد يوسف
Relator term تحقيق
942 ## - ADDED ENTRY ELEMENTS (KOHA)
Source of classification or shelving scheme Dewey Decimal Classification
Koha item type Books
Holdings
حالة السحب حالة الفقدان مصدر التصنيف حالة التلف غير قابل للإعارة المكتبة الرئيسية المكتبة الحالية موقع الرف تاريخ التزويد الرقم المتسلسل Total Checkouts رقم الإستدعاء تاريخ آخر ظهور تاريخ الفاتورة نوع المادة (كوها) الباركود
    Dewey Decimal Classification     المكتبة المركزية المكتبة المركزية مقتنيات قسم التزويد 28/07/2025 1759722   811.1/أوس 28/07/2025 28/07/2025 Books  
    Dewey Decimal Classification     مكتبة أبو علندا العامة مكتبة أبو علندا العامة الإعارة 14/01/2009 575978   811.1/أوس 28/07/2025 14/01/2009 Books PLD00065488
    Dewey Decimal Classification Unchecked   مكتبة الأميرة ايمان العامة مكتبة الأميرة ايمان العامة الإعارة 06/07/2004 9405   811.1/أوس 28/07/2025 06/07/2004 Books  
    Dewey Decimal Classification     مكتبة الأميرة ايمان العامة مكتبة الأميرة ايمان العامة الإعارة 28/07/2025 575976   811.1/أوس 28/07/2025 28/07/2025 Books 575976
    Dewey Decimal Classification     مكتبة الأميرة ايمان العامة مكتبة الأميرة ايمان العامة الإعارة 25/09/2013 [8845]   811.1/أوس 28/07/2025 25/09/2013 Books PLD00279848
    Dewey Decimal Classification     مكتبة حمزة العامة مكتبة حمزة العامة الإعارة 28/07/2025 575980   811.1/أوس 28/07/2025 28/07/2025 Books 575980
Implemented & Customized by: BBB with SCIT (Smart Chains for Information Technology)

Powered by Koha